00901nam a2200265Ia 450000500170000000800370001702000180005404100080007208200160008010000340009624500600013025000220019030000730021249000170028550000340030250000380033665000400037465000410041465100230045526400340047833600270051233700330053933800280057204000350060020220317001803.0170328s2016 c ao g 000 0 s a9789585918788 aspa04a986.1bS15g1 aSantos Molano, Enriqued1942-14aLas grandes noticias colombianascEnrique Santos Molano aPrimera edición a223 páginasbilustraciones, fotografías en blanco y negroc20 cm aDivertimento aIncluye índice onomástico aIncluye créditos fotográficos142LEMBaColombiaxHistoriaySiglo XXI142LEMBaPeriodismoxHistoriazColombia 4aColombiaxHistoria aBogotábSemana Librosc2016 atextobtxt2rdacontent asin mediaciónbn2rdamedia avolumenbnc2rdacarrier aCO-BoRNBPbspaerdacCO-BoRNBP